| 000 | 00634nam a2200205 a 4500 | ||
|---|---|---|---|
| 001 | 15062 | ||
| 003 | CO-ViMGA | ||
| 008 | 141112s2004 ck r 000 u spa d | ||
| 020 | _a9580204667 | ||
| 040 |
_aCO-ViMGA _bspa _cCO-ViMGA |
||
| 082 | 0 | 4 | _a860.4 F567 |
| 100 | 1 |
_aFlores, Alfonso _921884 |
|
| 245 | 1 | 0 |
_aAnálisis literario de;Don Quijote de la mancha : _bMiguel de Cervantes Saavedra |
| 260 |
_aBogotá, _cVoluntad, _c1991 |
||
| 300 | _a2 vol. | ||
| 505 | _aVolumenes I Y II | ||
| 650 | 1 | 4 |
_aCERVANTES SAAVEDRA, MIGUEL DE - BIOGRAFIA _921885 |
| 650 | 1 | 4 |
_aEL QUIJOTE DE LA MANCHA - ANALISIS LITERARIO _916175 |
| 942 |
_2ddc _cBK |
||
| 999 |
_c25488 _d25488 |
||